000 00199nam a22000857a 4500
008 170626b xxu||||| |||| 00| 0 eng d
100 _93673
_aLevitin. A
245 _aJourney to America
260 _aNew york
999 _c7089
_d7089